000 01119cam a2200301 a 4500
001 4279837
003 NUST-PNEC
005 20170116180708.0
008 850318s1987 inua b 001 0 eng
010 _a 85050023
020 _a0672219832
040 _aDLC
_cDLC
_dDLC
050 0 0 _aTK7881.4
_b.H36 1987
082 0 0 _a620.2020 BAL
100 _9458
_aBallou Glen
245 0 0 _aHandbook for sound engineers :
_bthe new audio cyclopedia /
_cGlen Ballou, editor.
250 _a1st ed.
260 _aIndianapolis, Ind. :
_bH.W. Sams,
_cc1987.
300 _axv, 1247 p. :
_bill. ;
_c26 cm.
500 _ahttp://www.amazon.com/Handbook-Sound-Engineers-Audio-Cyclopedia/dp/0672219832/ref=sr_1_1?s=books&ie=UTF8&qid=1412149157&sr=1-1&keywords=0672219832
504 _aIncludes bibliographies and index.
650 0 _aSound
_xRecording and reproducing
_xHandbooks, manuals, etc.
650 0 _aSound
_xRecording and reproducing
_xEquipment and supplies
_xHandbooks, manuals, etc.
700 1 _aBallou, Glen.
710 2 _aHoward W. Sams & Co.
906 _a7
_bcbc
_corignew
_d2
_eocip
_f19
_gy-gencatlg
942 _2ddc
_cBK
999 _c60848
_d60848